Name All Spongebob Squarepants Characters Quiz Stats

 Plays Quiz not verified by Sporcle

Challenge
Share
Tweet
Embed
Score 0/52 Timer 16:00
1 Play Today
% Correct
SpongeBob SquarePants
98.1%
Patrick Star
95.1%
Eugene Krabs
92.2%
Sandy Cheeks
90.8%
Squidward Tentacles
90.5%
Sheldon Plankton
83%
Pearl Krabs
76.2%
Gary The Snail
75.2%
Larry Lobster
70.1%
Karen
69.1%
Mrs. Puff
65.7%
Mermaid Man
62.3%
Barnacle Boy
56.4%
Squilliam Fancyson
49.9%
Man Ray
45.7%
Fred
43.3%
The Flying Dutchman
43.1%
King Neptune
36.5%
Old Man Jenkins
34.8%
Grandma SquarePants
34.5%
Bubble Bass
34.5%
Perch Perkins
30.7%
Harold SquarePants
28.2%
Patchy The Pirate
25.5%
Princess Mindy
25.1%
Blackjack Squarepants
22.6%
% Correct
Flatts
21.7%
Scooter
21.7%
Betsy Krabs
19.7%
Janet
18%
Marty
17.8%
Claire SquarePants
17.3%
Dennis
16.5%
Dr. Gill Gilliam
15.3%
Painty The Pirate
15.1%
Sam Star
14.8%
Doodlebob
14.6%
Jim
13.4%
Uncle Captain Blue
11.7%
Elain
10.5%
Potty The Pirate
10.2%
Tattletale Stangler
9.5%
Carl
9%
Suzy Fish
8.8%
Stanely SquarePants
8.8%
Brother Roger
7.5%
Tritan
7.3%
Queen Amphitrite
7.3%
Redbeard Krabs
7.1%
Nicholas Withers
6.6%
Monty P. Moneybags
6.3%
Lord Royal Higness
5.1%

You're not logged in!

Compare scores with friends on all Sporcle quizzes.
OR
Log In

You Might Also Like...

Show Comments

Extras

Top Quizzes Today


Score Distribution

Your Account Isn't Verified!

In order to create a playlist on Sporcle, you need to verify the email address you used during registration. Go to your Sporcle Settings to finish the process.

Report this User

Report this user for behavior that violates our Community Guidelines.

Details: